Väzby medzi štátnym rozpočtom Slovenskej republiky a rozpočtom Európskej únie diplomová práca

Uložené v:
Podrobná bibliografia
Hlavný autor: Vafeková, Martina
Korporativný autor: Národohospodárska fakulta EU. Katedra financií
Ďalší autori: Kubicová, Jana, 1961-
Médium: Kniha
Jazyk:Slovak
Vydavateľské údaje: Bratislava 2008
Tagy: Pridať tag
Žiadne tagy, Buďte prvý, kto otaguje tento záznam!

MARC

LEADER 00000nam$a2200000$$$4500
001 0078811
005 20240201120636.3
041 0 |a slo 
044 |a SK 
245 1 0 |a Väzby medzi štátnym rozpočtom Slovenskej republiky a rozpočtom Európskej únie  |b diplomová práca  |c Martina Vafeková ; škol. Jana Kubicová 
264 1 |a Bratislava  |c 2008 
300 |a 64 s. 
100 1 |a Vafeková, Martina 
700 1 |a Kubicová, Jana, 1961- 
710 2 |a Národohospodárska fakulta EU. Katedra financií